LEADER 00674nam a2200193 i 4500 001 000000251432 003 CaOOAMICUS 005 20161111000000.0 008 161111s1987 it u000 u eng u 013 $a230337 040 $aSeMil$bita 245 10$aNos. 37-66. 250 $aNew definitive edition. 300 $a46 p. :$bnotazione musicale. 773 0 $aBartók, Béla <1881-1945>$tMikrokosmos.$dLondon ; New York ; Berlin : Boosey & Hawkes, 1940.$g2$w()33455 850 $aSeMil 852 $aSeMil$W1$xVenegono$y1$m5D XII 11/13$j201778$B201778$CSeMilBibl$Z2$F214083 $81 961 $aOmaggio: Colombo don Alberto 996 $6245$aNos. 37-66$9(OLS)http://semarc/title/353663 LEADER 01350nam a2200205 i 4500 001 000000227488 003 CaOOAMICUS 005 20260327092416.0 008 140226s1721 xx u000 u lat u 013 $a206390 026 $aA.E. reeo emy- siom (3) 1721 (R) 040 $aSeMil$bita 245 10$aTomus secundus controversias quattuor generales complectens. Accesserunt coronidi hujus secundi tomi opuscula recenter addita, quorum seriem ibidem videre licebit. 300 $a[12], 659, [1] p. 500 $aSegn.: §-§6 A-2R8 2S6 2T4. 773 0 $aBellarmino, Roberto $tDisputationum Roberti Bellarmini Politiani, S.J. s.r.e. cardinalis, de controversiis christianae fidei adversus hujus temporis haereticos, quatuor tomis comprehensarum. Tomus 1. [-7.].$dVenetiis : Apud Joannem Malachinum, sub signo S. Ignatii, 1721-1728.$bEditio ultima juxta venetam anni 1599. Correctionibus tamen, & additionibus auctoris in fine, nec non indicibus locupletissimis nobilitata. ..$g2$w()27481 850 $aSeMil 852 $aSeMil$W1$xVenegono$y1$m2D VIII 13 FA$j177834$B177834$CSeMilBibl$Z2$F188691 $8I 996 $6245$aTomus secundus controversias quattuor generales complectens. Accesserunt coronidi hujus secundi tomi opuscula recenter addita, quorum seriem ibidem videre licebit$9(OLS)http://semarc/title/325596